000 00516nam a2200181Ia 4500
005 20250326125220.0
008 250326s9999 xx 000 0 und d
037 _aTextbook
040 _aFMSL
_beng
_cFMSL
041 _aeng
_2eng
084 _aX5:54 L0
_qFMSL
100 _aJohnson H G
_9295012
245 0 _aNew Trade strategy for the world economy
_cJohnson H G
260 _aLondon
_bLondon, George Allen And Unwin
_c1970
300 _a344p
942 _cTB
_hX5:54 L0
999 _c1277043
_d1277043